00629nam a22001937a 450000500170000000800410001702000180005804000210007604100080009708200150010510000280012024501070014825000130025526000410026830000100030965000540031970000290037370000330040220240905090725.0240905b |||||||| |||| 00| 0 eng d a9789360789343 aIN-DiNCcIN-DiNC dasm a370.1bKAL aKalita, Pranitaeauthor aSikshar darshanik aru samajitattwik vitti/cby Pranita Kalita, Gitika Talukdar and Kabyashree Hazarika a1st imp. aGuwahati:bAshok publication,c2024. a276p. aPhilosophical and sociological bases of education aTalukdar, Gitikaeauthor aHazarika, Kabyashreeeauthor